Catálogo público

Procesamiento y caracterización de biocompuestos de ácido poliláctico y fibra del bonote de coco / (Record no. 219383)

MARC details
000 -CABECERA
campo de control de longitud fija 03641nam a2200385 a 4500
003 - IDENTIFICADOR DEL NÚMERO DE CONTROL
campo de control CHAP
005 - FECHA Y HORA DE LA ÚLTIMA TRANSACCIÓN
campo de control 20240612103732.0
007 - CAMPO FIJO DE DESCRIPCIÓN FÍSICA--INFORMACIÓN GENERAL
campo de control de longitud fija ta
008 - DATOS DE LONGITUD FIJA--INFORMACIÓN GENERAL
campo de control de longitud fija 231110s2021 mx adbofom||| 001 0 spa d
040 ## - FUENTE DE LA CATALOGACIÓN
Normas de descripción rda
041 ## - CÓDIGO DE LENGUA
Código de lengua del texto/banda sonora o título independiente spa
100 1# - ENTRADA PRINCIPAL--NOMBRE DE PERSONA
9 (RLIN) 188258
Nombre de persona Valente Morales, Yulinali
245 10 - MENCIÓN DE TÍTULO
Título Procesamiento y caracterización de biocompuestos de ácido poliláctico y fibra del bonote de coco /
Mención de responsabilidad, etc. Yulinali Valente Morales
264 ## - PRODUCCIÓN, PUBLICACIÓN, DISTRIBUCIÓN, FABRICACIÓN Y COPYRIGHT
Producción, publicación, distribución, fabricación y copyright Chapingo, México :
Nombre del de productor, editor, distribuidor, fabricante El autor,
Fecha de producción, publicación, distribución, fabricación o copyright 2021
300 ## - DESCRIPCIÓN FÍSICA
Extensión 1 recurso en línea (79 páginas) :
Otras características físicas ilustraciones, tablas, gráficas, mapas, fotos
336 ## - TIPO DE CONTENIDO
Fuente rdacontent
Término de tipo de contenido texto
Código de tipo de contenido txt
337 ## - TIPO DE MEDIO
Fuente rdamedia
Nombre/término del tipo de medio computadora
Código del tipo de medio c
338 ## - TIPO DE SOPORTE
Fuente rdacarrier
Nombre/término del tipo de soporte recurso en línea
Código del tipo de soporte cr
502 ## - NOTA DE TESIS
Nota de tesis Tesis
Tipo de título (Ingeniero Agroindustrial) --
Nombre de la institución que otorga el título Departamento de Ingeniería Agroindustrial,
Año de obtención del título 2021
Información miscelánea Licenciatura
504 ## - NOTA DE BIBLIOGRAFÍA, ETC.
Nota de bibliografía, etc. Bibliografía: páginas 70-79
520 3# - SUMARIO, ETC.
Sumario, etc. Los desechos generados por residuos agroindustriales plantean un problema de contaminación, debido a que ya no son usados en la cadena alimentaria, pero podrían generar subproductos a base de estos desechos que serían utilizados para otras funciones. Los desechos de origen vegetal en especial las fibras de naturales, han generado interés, por que desempeñan un papel importante como refuerzo; la adición fibras naturales a una matriz polimérica se genera un biocompuesto, que va a presentar una mejora en sus propiedades mecánicas. Ejemplo de desecho agroindustrial es la fibra de mesocarpio de coco (FMC), es un desecho que no es aprovechado en la actualidad. En La presente investigación se caracterizó la fibra de mesocarpio de coco, evaluando sus propiedades físicas, químicas, entre los métodos utilizados fueron: análisis proximal, contenido de fenoles totales, espectroscopia de infrarrojo con transformada de Fourier, densidad aparente, caracterización morfológica y composición elemental. Posterior a la caracterización de la fibra de mesocarpio de coco, ésta se molió y utilizó en forma de partícula (PMC), para incorporarla en la matriz polimérica de ácido poliláctico (PLA). Se realizaron tres formulaciones con 2%, 5%, 8% peso de las partículas de FMC y el control; para la elaboracióndel biocompuesto, la FMC y el PLA se procesó por el método de extrusión. A los biocompuestos formulados se les determinaron sus propiedades mecánicas, térmicas, estructurales y morfológicas. Los biocompuestos presentaron una disminución en las propiedades mecánicas al ir aumentado el contenido de PMC en la matriz de PLA, a excepción en la formulación de 5% de PMC presentó un mayor módulo elástico. El análisis térmico nos mostró que los biocompuestos con PMC presentaron una mejor estabilidad térmica que la matriz de PLA. La caracterización morfológica nos indica que los biocompuestos con 2 y 5% de PMC presentan superficies rugosas, en cambio el de 8% de PMC tiene fracturas y zonas más débiles.
650 13 - PUNTO DE ACCESO ADICIONAL DE MATERIA--TÉRMINO DE MATERIA
9 (RLIN) 154290
Término de materia o nombre geográfico como elemento de entrada Cocos (fruto)
Subdivisión general Residuos de plantas
Fuente del encabezamiento o término atg
650 13 - PUNTO DE ACCESO ADICIONAL DE MATERIA--TÉRMINO DE MATERIA
9 (RLIN) 188262
Término de materia o nombre geográfico como elemento de entrada Fibra del coco
Subdivisión general Desechos agrícolas
Fuente del encabezamiento o término atg
650 13 - PUNTO DE ACCESO ADICIONAL DE MATERIA--TÉRMINO DE MATERIA
9 (RLIN) 188265
Término de materia o nombre geográfico como elemento de entrada Biocompuestos
Fuente del encabezamiento o término atg
650 13 - PUNTO DE ACCESO ADICIONAL DE MATERIA--TÉRMINO DE MATERIA
9 (RLIN) 188267
Término de materia o nombre geográfico como elemento de entrada Ácido poliláctico
Fuente del encabezamiento o término atg
650 13 - PUNTO DE ACCESO ADICIONAL DE MATERIA--TÉRMINO DE MATERIA
9 (RLIN) 152640
Término de materia o nombre geográfico como elemento de entrada Coconuts
Subdivisión general Plant residues
Fuente del encabezamiento o término atg
650 13 - PUNTO DE ACCESO ADICIONAL DE MATERIA--TÉRMINO DE MATERIA
9 (RLIN) 188264
Término de materia o nombre geográfico como elemento de entrada Coir
Subdivisión general Agricultural wastes
Fuente del encabezamiento o término atg
650 13 - PUNTO DE ACCESO ADICIONAL DE MATERIA--TÉRMINO DE MATERIA
9 (RLIN) 188266
Término de materia o nombre geográfico como elemento de entrada Biocomposites
Fuente del encabezamiento o término atg
650 13 - PUNTO DE ACCESO ADICIONAL DE MATERIA--TÉRMINO DE MATERIA
9 (RLIN) 188268
Término de materia o nombre geográfico como elemento de entrada Polylactic acid
Fuente del encabezamiento o término atg
700 1# - PUNTO DE ACCESO ADICIONAL--NOMBRE DE PERSONA
9 (RLIN) 161492
Nombre de persona Montoya Ballesteros, Luz del Carmen
Término indicativo de función/relación directora
700 1# - PUNTO DE ACCESO ADICIONAL--NOMBRE DE PERSONA
9 (RLIN) 188269
Nombre de persona Madera Santana, Tomás Jesús
Término indicativo de función/relación asesor
700 1# - PUNTO DE ACCESO ADICIONAL--NOMBRE DE PERSONA
9 (RLIN) 118517
Nombre de persona Velázquez Castillo, Alejandra
Término indicativo de función/relación asesora
856 40 - LOCALIZACIÓN Y ACCESO ELECTRÓNICOS
Identificador Uniforme del Recurso http://10.13.5.2/tesis/tl/1212531-3__Valente_Morales_Yulinali.pdf
Texto de enlace DESCARGAR PDF
942 ## - ELEMENTOS DE PUNTO DE ACCESO ADICIONAL (KOHA)
Fuente del sistema de clasificación o colocación Clasificación Universidad Autónoma Chapingo
Tipo de ítem Koha Tesis digital
Holdings
Estado de retiro Estado de pérdida Fuente del sistema de clasificación o colocación Estado dañado No para préstamo Código de colección Localización permanente Ubicación/localización actual Ubicación en estantería Fecha de adquisición Fuente de adquisición Total de préstamos Código de barras Fecha visto por última vez Precio válido a partir de Tipo de ítem Koha Restricciones de uso Signatura topográfica completa
    Clasificación Universidad Autónoma de Chapingo     Tesis digitales de Licenciatura Biblioteca Digital Biblioteca Digital En línea 02/02/2024 El autor   1301013813 02/02/2024 02/02/2024 Tesis digital Préstamo interno Tesis digital
    Clasificación Universidad Autónoma de Chapingo     Tesis digitales de Licenciatura Ingenieria Agroindustrial Ingenieria Agroindustrial En línea 13/11/2023 El autor   1201013813 13/11/2023 13/11/2023 Tesis digital